Central Library OPAC University of Rajshahi

Business statistics : (Record no. 68709)

MARC details
000 -LEADER
fixed length control field 00886nam a2200277 a 4500
001 - CONTROL NUMBER
control field 68709
003 - CONTROL NUMBER IDENTIFIER
rucl marc code BD-RjUL
005 - DATE AND TIME OF LATEST TRANSACTION
control field 20211209081812.0
008 - FIXED-LENGTH DATA ELEMENTS--GENERAL INFORMATION
fixed length control field 170405s1975 ilua 001 0 eng d
020 ## - INTERNATIONAL STANDARD BOOK NUMBER
International Standard Book Number 0256016720
035 ## - SYSTEM CONTROL NUMBER
System control number (BD-RjUL)68919
040 ## - CATALOGING SOURCE
Original cataloging agency DLC
Transcribing agency DLC
Modifying agency BD-RjUL
Language of cataloging eng
041 ## - LANGUAGE CODE
Language code of text/sound track or separate title eng
082 00 - DEWEY DECIMAL CLASSIFICATION NUMBER
Edition number 23
Classification number 519.5
Author mark and year SPB 1975
100 1# - MAIN ENTRY--PERSONAL NAME
Personal name Spirer, Herbert F.
9 (RLIN) 203661
245 10 - TITLE STATEMENT
Title Business statistics :
Remainder of title a problem-solving approach /
Statement of responsibility, etc. Herbert F. Spirer.
260 ## - PUBLICATION, DISTRIBUTION, ETC. (IMPRINT)
Place of publication, distribution, etc. Homewood, Ill. :
Name of publisher, distributor, etc. R. D. Irwin,
Date of publication, distribution, etc. c1975.
300 ## - PHYSICAL DESCRIPTION
Pagination xv, 384 p. :
Illustrations ill. ;
Size 24 cm.
490 0# - SERIES STATEMENT
Series statement Irwin series in quantitative analysis for business.
500 ## - GENERAL NOTE
General note Includes index.
650 #0 - SUBJECT ADDED ENTRY--TOPICAL TERM
Topical term or geographic name as entry element Statistics.
9 (RLIN) 203662
Topical term or geographic name as entry element Statistics
General subdivision Problems, exercises, etc.
9 (RLIN) 118592
830 ## - SERIES ADDED ENTRY--UNIFORM TITLE
Uniform title Irwin series in quantitative analysis for business.
942 ## - ADDED ENTRY ELEMENTS (KOHA)
Source of classification or shelving scheme Dewey Decimal Classification
Koha item type Books
Holdings
Lost status Source of classification or shelving scheme Damaged status Not for loan Collection code Permanent Location Current Location Shelving location Date acquired Total Checkouts Full call number Date last seen Copy number Koha item type
  Dewey Decimal Classification   Not For Loan Non-fiction Central Library, University of Rajshahi Central Library, University of Rajshahi Reading Room 22/06/1989   519.5 SPB 1975 05/04/2017 C-1 Books